| 000 | 00722nam a2200241 a 4500 | ||
|---|---|---|---|
| 001 | BRL_1707 | ||
| 005 | 20190320211330.0 | ||
| 008 | 270514s1964----mx-#######---#000-0#spa-# | ||
| 041 | _aspa | ||
| 044 | _amx | ||
| 050 | 4 |
_aPC4075 _b.S25 1964 |
|
| 100 | 1 |
_aSalgado Corral, Ricardo _927688 |
|
| 245 | 1 | 0 |
_aLa lengua española en México _cRicardo Salgado Corral. |
| 260 |
_aMéxico _bInstituto Federal de capacitación del Magisterio : SEP _c1964 |
||
| 300 |
_a213 p. _c17 cm. |
||
| 440 | 0 |
_aTécnica y ciencia _v35 _927689 |
|
| 500 | _aAu2139 | ||
| 504 | _aBibliografía: p. 209-213 | ||
| 650 | 1 | 4 |
_aEspañol _xHistoria _924208 |
| 650 | 1 | 4 |
_aEspañol _xProvincialismos _zMéxico _927690 |
| 902 | _aGRL | ||
| 942 |
_2lcc _cB |
||
| 999 |
_c10515 _d10515 |
||